[Event "Lübecker SV-AE Magdeburg"]
[Site "Greifswald"]
[Date "2017.09.07"]
[Round "2.1"]
[White "Roseneck, Jonas"]
[Black "Nassat, Vitus"]
[Result "1-0"]
[WhiteElo "2134"]
[BlackElo "1685"]
[PlyCount "46"]
[EventDate "2017.??.??"]
[WhiteTeam "AE Magdeburg"]
[BlackTeam "Lübecker SV"]

1. e4 c5 2. Nf3 Nc6 3. d4 cxd4 4. Nxd4 g6 5. Nc3 Bg7 6. Be3 d6 7. Qd2 Nf6 8. f3
Bd7 9. O-O-O a6 10. g4 b5 11. h4 O-O 12. Nxc6 Bxc6 13. h5 Rc8 14. hxg6 fxg6 15.
Bh6 Qc7 16. Bxg7 Kxg7 17. g5 Nh5 18. Bh3 Rcd8 19. Be6 Qb6 20. Nd5 Qc5 21. b4
Qa7 22. Qc3+ Nf6 23. gxf6+ exf6 1-0

[Event "Lübecker SV-AE Magdeburg"]
[Site "Greifswald"]
[Date "2017.09.07"]
[Round "2.2"]
[White "Mundt, Alexandra"]
[Black "Wagner, Benjamin"]
[Result "0-1"]
[WhiteElo "1573"]
[BlackElo "1988"]
[PlyCount "100"]
[EventDate "2017.??.??"]
[WhiteTeam "Lübecker SV"]
[BlackTeam "AE Magdeburg"]

1. e4 e5 2. Nc3 Nf6 3. f4 d5 4. fxe5 Nxe4 5. d3 Nxc3 6. bxc3 d4 7. Bb2 Nc6 8.
Nf3 Bc5 9. Qe2 Bg4 10. Qe4 Bxf3 11. gxf3 dxc3 12. Bxc3 Qe7 13. Rb1 Bb6 14. Bh3
Qa3 15. Qc4 O-O 16. e6 Qe7 17. Kd1 f5 18. Re1 Rad8 19. Re2 Nd4 20. Rg2 Qxe6 21.
Bxd4 Qxc4 22. dxc4 Rxd4+ 23. Rd2 Rxc4 24. Rb5 g6 25. Bf1 Rc3 26. Be2 Rf7 27.
Rb3 Rxb3 28. cxb3 Kg7 29. Bc4 Re7 30. Rd8 Kf6 31. Kd2 Kg5 32. Rd3 Kf4 33. Bd5
c6 34. Bc4 Ba5+ 35. Kc1 b5 36. Bg8 Bb6 37. Kd1 Be3 38. Ke2 Bd4+ 39. Kd1 Be3 40.
Ke2 h5 41. a4 b4 42. Bc4 a5 43. Bg8 g5 44. Bc4 h4 45. Bg8 h3 46. Bc4 Bg1+ 47.
Kf1 Bxh2 48. Rd4+ Kxf3 49. Be2+ Rxe2 50. Rd3+ Re3 0-1

[Event "Lübecker SV-AE Magdeburg"]
[Site "Greifswald"]
[Date "2017.09.07"]
[Round "2.3"]
[White "Hoffmann, Lennard"]
[Black "Kloerss, Knut"]
[Result "1-0"]
[WhiteElo "1957"]
[BlackElo "1511"]
[PlyCount "33"]
[EventDate "2017.??.??"]
[WhiteTeam "AE Magdeburg"]
[BlackTeam "Lübecker SV"]

1. e4 e5 2. Bc4 Nf6 3. d3 Bc5 4. Nf3 Nc6 5. c3 a6 6. Bb3 d6 7. Nbd2 Ba7 8. h3
b5 9. O-O O-O 10. Re1 Ne7 11. Nf1 c5 12. Ng3 h6 13. Nh4 Bd7 14. Qf3 Qc8 15. Kh2
a5 16. Bxh6 gxh6 17. Qxf6 1-0

[Event "Lübecker SV-AE Magdeburg"]
[Site "Greifswald"]
[Date "2017.09.07"]
[Round "2.4"]
[White "Rasmussen, Luca-Tom"]
[Black "Delgado, Robin"]
[Result "0-1"]
[WhiteElo "1183"]
[BlackElo "1685"]
[PlyCount "78"]
[EventDate "2017.??.??"]
[WhiteTeam "Lübecker SV"]
[BlackTeam "AE Magdeburg"]

1. b4 d5 2. Bb2 Bf5 3. Nf3 e6 4. e3 Nf6 5. b5 Be7 6. Be2 O-O 7. O-O c5 8. c4 a6
9. a4 axb5 10. axb5 Rxa1 11. Bxa1 Nbd7 12. d4 dxc4 13. Bxc4 Nb6 14. Be2 c4 15.
Nc3 Qc7 16. Qd2 Nfd5 17. Rc1 Rc8 18. Nxd5 exd5 19. Bc3 Qd7 20. Bb4 Bf6 21. Bc3
Qxb5 22. Qb2 Qxb2 23. Bxb2 Be7 24. Nd2 Na4 25. Ba1 b5 26. Bd1 Ba3 27. Bxa4 Bxc1
28. Bxb5 Bxd2 29. Kf1 Bd3+ 30. Kg1 Ra8 31. Bb2 Ra2 32. h3 Rxb2 33. Ba6 Bf5 34.
g4 Be4 35. Kf1 c3 36. Ke2 Rb1 37. f3 c2 38. Kxd2 c1=Q+ 39. Ke2 Qe1# 0-1

[Event "Hamburger SK-GA Rüdersdorf"]
[Site "Greifswald"]
[Date "2017.09.07"]
[Round "2.1"]
[White "Buller, Ian Joshua"]
[Black "Holinka, Henning"]
[Result "0-1"]
[WhiteElo "1807"]
[BlackElo "2026"]
[PlyCount "88"]
[EventDate "2017.??.??"]
[WhiteTeam "GA Rüdersdorf"]
[BlackTeam "Hamburger SK"]

1. e4 g6 2. d4 Bg7 3. Nc3 d6 4. Be3 a6 5. a4 Nd7 6. Bc4 b6 7. Qd2 Bb7 8. f3
Ngf6 9. Bb3 c5 10. Nge2 Rc8 11. dxc5 Nxc5 12. Bh6 Nxb3 13. cxb3 O-O 14. Bxg7
Kxg7 15. O-O Qc7 16. Rac1 Qc5+ 17. Qd4 Qxd4+ 18. Nxd4 e5 19. Nde2 d5 20. exd5
Nxd5 21. Nxd5 Bxd5 22. b4 Bb3 23. a5 b5 24. Rc3 Rxc3 25. bxc3 Rd8 26. Kf2 f5
27. f4 exf4 28. Nxf4 Kf6 29. Re1 g5 30. Ne2 Rd3 31. Rc1 f4 32. Nd4 Bd5 33. Rc2
g4 34. Ne2 Ke5 35. Nc1 Rd1 36. Re2+ Kf5 37. Re1 g3+ 38. hxg3 fxg3+ 39. Ke2
Rxe1+ 40. Kxe1 Bxg2 41. Ke2 Bd5 42. Ke3 Bc4 43. Kf3 h5 44. Kxg3 Ke4 0-1

[Event "Hamburger SK-GA Rüdersdorf"]
[Site "Greifswald"]
[Date "2017.09.07"]
[Round "2.2"]
[White "Engel, Robert"]
[Black "Sperling, Niclas"]
[Result "1-0"]
[WhiteElo "2001"]
[BlackElo "1639"]
[PlyCount "93"]
[EventDate "2017.??.??"]
[WhiteTeam "Hamburger SK"]
[BlackTeam "GA Rüdersdorf"]

1. c4 e5 2. g3 Bc5 3. Bg2 Nf6 4. Nc3 d6 5. e3 O-O 6. Nge2 Nc6 7. O-O Be6 8. d4
exd4 9. exd4 Nxd4 10. Nxd4 Bxc4 11. Re1 c6 12. b3 Ba6 13. Na4 Re8 14. Rxe8+
Qxe8 15. Be3 Rd8 16. Qd2 b5 17. Nc3 Bb4 18. Nxc6 Bxc3 19. Qxc3 Rc8 20. Qa5 Bb7
21. Nxa7 Rb8 22. Bxb7 Rxb7 23. Rc1 Rb8 24. Qc7 Ra8 25. Qc8 Rxc8 26. Rxc8 Qxc8
27. Nxc8 d5 28. a4 bxa4 29. bxa4 Nd7 30. Ne7+ Kf8 31. Nxd5 Ke8 32. a5 Nb8 33.
Bf4 Nc6 34. a6 Kd8 35. Nb6 Na7 36. Bb8 Nc6 37. a7 Nxa7 38. Bxa7 Ke7 39. f4 g6
40. Kf2 f6 41. Kf3 Ke6 42. g4 h6 43. h4 Kd6 44. Nc4+ Ke6 45. h5 gxh5 46. gxh5
Kf5 47. Bd4 1-0

[Event "Hamburger SK-GA Rüdersdorf"]
[Site "Greifswald"]
[Date "2017.09.07"]
[Round "2.3"]
[White "May, Ben-Iven"]
[Black "Fuhrmann, Äke"]
[Result "1-0"]
[WhiteElo "1600"]
[BlackElo "1871"]
[PlyCount "45"]
[EventDate "2017.??.??"]
[WhiteTeam "GA Rüdersdorf"]
[BlackTeam "Hamburger SK"]

1. e4 c5 2. Nf3 d6 3. d4 cxd4 4. Nxd4 Nf6 5. Nc3 g6 6. Be2 Bg7 7. O-O O-O 8.
Be3 Nc6 9. f4 Bd7 10. Qd2 Nxd4 11. Bxd4 Bc6 12. Bf3 Qa5 13. Rad1 e5 14. Bf2
Rfd8 15. g4 exf4 16. Qxf4 d5 17. Bh4 dxe4 18. Rxd8+ Rxd8 19. Nxe4 Nxe4 20. Bxd8
Qxd8 21. Bxe4 Qd4+ 22. Rf2 Bxe4 23. Qxf7+ 1-0

[Event "Hamburger SK-GA Rüdersdorf"]
[Site "Greifswald"]
[Date "2017.09.07"]
[Round "2.4"]
[White "Foo, Tzun Hong"]
[Black "Eichelbaum, Georg"]
[Result "1-0"]
[WhiteElo "1796"]
[BlackElo "1341"]
[PlyCount "71"]
[EventDate "2017.??.??"]
[WhiteTeam "Hamburger SK"]
[BlackTeam "GA Rüdersdorf"]

1. e4 e5 2. Nf3 Nc6 3. Bb5 a6 4. Ba4 Nf6 5. O-O Be7 6. Re1 b5 7. Bb3 O-O 8. d3
d6 9. c3 Na5 10. Bc2 c5 11. Nbd2 Re8 12. Nf1 Nc6 13. Ng3 Bf8 14. Nh4 g6 15. Nf3
Bg7 16. d4 Qc7 17. d5 Na5 18. a4 Bd7 19. h3 c4 20. axb5 axb5 21. Be3 h6 22. Nh4
Kh7 23. f4 Ng8 24. f5 Nf6 25. Rf1 Nb7 26. Rb1 Nc5 27. fxg6+ fxg6 28. Bxh6 Kxh6
29. Qd2+ Kh7 30. Qg5 Rf8 31. Nxg6 Rf7 32. Nh5 Ncxe4 33. Nxf6+ Nxf6 34. Ne7+ Kh8
35. Qh4+ Nh7 36. Qxh7# 1-0

[Event "Post SV Uelzen-Doppelbauer Kiel"]
[Site "Greifswald"]
[Date "2017.09.07"]
[Round "2.1"]
[White "Arndt, Magnus"]
[Black "von Estorff, Jacob"]
[Result "1/2-1/2"]
[WhiteElo "2055"]
[BlackElo "1886"]
[PlyCount "101"]
[EventDate "2017.??.??"]
[WhiteTeam "Doppelbauer Kiel"]
[BlackTeam "Post SV Uelzen"]

1. e4 c5 2. c3 g6 3. d4 cxd4 4. cxd4 d5 5. exd5 Nf6 6. Bb5+ Nbd7 7. Nc3 Bg7 8.
Nf3 O-O 9. O-O Nb6 10. Qb3 Nbxd5 11. Re1 Bd7 12. Bd3 e6 13. Ne5 Nxc3 14. bxc3
Bc6 15. Nxc6 bxc6 16. Ba3 Re8 17. Rab1 Bf8 18. Bxf8 Rxf8 19. Qa3 Qc7 20. h3
Rab8 21. Rb3 Rb6 22. Bf1 Rc8 23. Re5 Nd5 24. c4 Rxb3 25. axb3 Nb6 26. Ra5 Rb8
27. g3 Qd7 28. Bg2 Rc8 29. Rxa7 Qxd4 30. Qe7 Rf8 31. Qb7 Nc8 32. Ra8 Nd6 33.
Rxf8+ Kxf8 34. Qb8+ Kg7 35. Bxc6 Qc5 36. Bf3 e5 37. Bd5 Qa3 38. Kg2 e4 39. Qc7
e3 40. fxe3 Qb2+ 41. Kg1 Qc1+ 42. Kh2 Qd2+ 43. Bg2 Nf5 44. Qf4 Nxe3 45. Qf3 Qd4
46. Qe2 Qc3 47. Bf3 Qxb3 48. c5 Qc3 49. c6 Kf8 50. Qf2 Qc5 51. Qb2 1/2-1/2

[Event "Post SV Uelzen-Doppelbauer Kiel"]
[Site "Greifswald"]
[Date "2017.09.07"]
[Round "2.3"]
[White "Steinbach, Julian"]
[Black "Askerov, Imamali"]
[Result "0-1"]
[WhiteElo "1343"]
[BlackElo "1810"]
[PlyCount "122"]
[EventDate "2017.??.??"]
[WhiteTeam "Doppelbauer Kiel"]
[BlackTeam "Post SV Uelzen"]

1. d4 Nf6 2. c4 e6 3. Nf3 b6 4. e3 Bb7 5. Nc3 Bb4 6. Bd2 O-O 7. Bd3 d5 8. O-O
c5 9. a3 Bxc3 10. bxc3 Nbd7 11. Rc1 Qe7 12. Rb1 Rfc8 13. cxd5 exd5 14. Bc1 Ne4
15. Bxe4 dxe4 16. Nd2 cxd4 17. cxd4 Ba6 18. Re1 Nf6 19. Bb2 Qe6 20. Qb3 Qxb3
21. Nxb3 Rc2 22. Rec1 Rac8 23. h3 h6 24. Na1 Re2 25. Re1 Rxe1+ 26. Rxe1 Nd5 27.
Rc1 Re8 28. Nc2 Rc8 29. Nb4 Rxc1+ 30. Bxc1 Nxb4 31. axb4 Kf8 32. Kh2 Ke7 33.
Kg3 Ke6 34. Kf4 f5 35. g4 g5+ 36. Kg3 fxg4 37. hxg4 Be2 38. Bb2 Kd5 39. Ba1 Kc4
40. d5 Kxd5 41. Bg7 h5 42. gxh5 Bxh5 43. Bf8 Bf3 44. Be7 Kc4 45. Bd6 a5 46.
bxa5 bxa5 47. Be5 a4 48. Bf6 g4 49. Ba1 a3 50. Kf4 Kb3 51. Ke5 Kc2 52. Kf4 a2
53. Ke5 Kb1 54. Bc3 a1=Q 55. Bxa1 Kxa1 56. Kd4 Kb2 57. Ke5 Kc2 58. Kf4 Kd2 59.
Kg3 Ke2 60. Kh2 Kf1 61. Kg3 Kg1 0-1

[Event "Post SV Uelzen-Doppelbauer Kiel"]
[Site "Greifswald"]
[Date "2017.09.07"]
[Round "2.4"]
[White "Rothenberg, Jannik"]
[Black "Jüngerich, Robin"]
[Result "1-0"]
[WhiteElo "1783"]
[BlackElo "986"]
[PlyCount "84"]
[EventDate "2017.??.??"]
[WhiteTeam "Post SV Uelzen"]
[BlackTeam "Doppelbauer Kiel"]

1. d4 e6 2. c4 c6 3. Nc3 d5 4. Nf3 Bb4 5. Qc2 Nf6 6. a3 Bxc3+ 7. Qxc3 O-O 8.
Bg5 a6 9. e3 Nbd7 10. Bd3 Qc7 11. Bf4 Qd8 12. O-O Ne4 13. Qc2 f5 14. h3 Ndf6
15. Nd2 Bd7 16. f3 Nxd2 17. Qxd2 h6 18. Rae1 b5 19. c5 Nh5 20. Bd6 Re8 21. e4
Qh4 22. Qf2 Qxf2+ 23. Rxf2 f4 24. a4 b4 25. a5 Ra7 26. Ra1 Rea8 27. Re2 Ng3 28.
Ree1 g5 29. h4 Kg7 30. Kf2 Kf6 31. hxg5+ hxg5 32. Be5+ Kg6 33. exd5+ Kf7 34.
dxc6 Bxc6 35. Bd6 Bd5 36. Be4 Kf6 37. Bxd5 exd5 38. Re5 Rb7 39. Rae1 Rb5 40.
Bc7 Rb7 41. Bd6 g4 42. Rxd5 Rb5 1-0

[Event "SK Lehrte-Peiner SV"]
[Site "Greifswald"]
[Date "2017.09.07"]
[Round "2.1"]
[White "Kück, Artur"]
[Black "Stelmaszyk, Nico"]
[Result "1/2-1/2"]
[WhiteElo "1720"]
[BlackElo "1912"]
[PlyCount "59"]
[EventDate "2017.??.??"]
[WhiteTeam "Peiner SV"]
[BlackTeam "SK Lehrte"]

1. e4 Nf6 2. Nc3 d5 3. exd5 Nxd5 4. Nf3 Bg4 5. Be2 e6 6. h3 Bh5 7. O-O Bd6 8.
Nxd5 exd5 9. d4 O-O 10. Be3 c6 11. Qd2 Re8 12. Rfe1 Nd7 13. Bf4 Nf6 14. Bxd6
Qxd6 15. Ne5 Bxe2 16. Rxe2 Re6 17. Rae1 Rae8 18. Nf3 Ne4 19. Qd3 Qf4 20. Re3
Rf6 21. R1e2 Ree6 22. c3 h6 23. Rc2 Rf5 24. Ree2 a6 25. Ne5 f6 26. Nf3 Re8 27.
Re3 Rh5 28. Ne1 Rf8 29. g4 Rg5 30. Nf3 1/2-1/2

[Event "SK Lehrte-Peiner SV"]
[Site "Greifswald"]
[Date "2017.09.07"]
[Round "2.2"]
[White "Meiwes, Thore"]
[Black "Behme, Elias"]
[Result "0-1"]
[WhiteElo "1687"]
[BlackElo "1456"]
[PlyCount "78"]
[EventDate "2017.??.??"]
[WhiteTeam "SK Lehrte"]
[BlackTeam "Peiner SV"]

1. d4 Nf6 2. Bf4 e6 3. Nf3 b6 4. e3 Bb7 5. Nbd2 d6 6. Bd3 Be7 7. Qe2 Nbd7 8.
O-O Nh5 9. Bg3 Nxg3 10. fxg3 O-O 11. e4 c5 12. c3 Rc8 13. e5 cxd4 14. exd6 Bxd6
15. Nxd4 Bc5 16. Kh1 Bxd4 17. cxd4 Nf6 18. Nb3 Qd5 19. Rac1 Bc6 20. Bc4 Qd7 21.
g4 Ba4 22. g5 Bxb3 23. Bxb3 Nd5 24. Qd2 Rfd8 25. Rxc8 Rxc8 26. Rc1 Ne7 27.
Rxc8+ Qxc8 28. Qc3 Qd7 29. Qc4 g6 30. g4 Qb7+ 31. Kg1 Qf3 32. Qb5 Qxg4+ 33. Kf1
Qf3+ 34. Kg1 Qe3+ 35. Kg2 Qe4+ 36. Kg3 Nf5+ 37. Kf2 Qxd4+ 38. Kg2 Qxb2+ 39. Kf3
Nd4+ 0-1

[Event "SK Lehrte-Peiner SV"]
[Site "Greifswald"]
[Date "2017.09.07"]
[Round "2.3"]
[White "Arvis, Yekta Umut"]
[Black "Reimer, Philip"]
[Result "0-1"]
[WhiteElo "1178"]
[BlackElo "1506"]
[PlyCount "46"]
[EventDate "2017.??.??"]
[WhiteTeam "Peiner SV"]
[BlackTeam "SK Lehrte"]

1. d4 Nf6 2. c4 c5 3. Nf3 cxd4 4. Nxd4 e5 5. Nb3 d6 6. Nc3 Nc6 7. e3 Be6 8. Be2
Be7 9. O-O O-O 10. a3 Rc8 11. Nd2 a5 12. Nf3 d5 13. Ng5 d4 14. Nxe6 fxe6 15.
Nb1 Qb6 16. b3 Rcd8 17. Qc2 e4 18. exd4 Nxd4 19. Qb2 Nxe2+ 20. Qxe2 Qxb3 21.
Nd2 Qd3 22. Re1 Rd6 23. Nxe4 Qxe2 0-1

[Event "SK Lehrte-Peiner SV"]
[Site "Greifswald"]
[Date "2017.09.07"]
[Round "2.4"]
[White "Schieble, Johannes"]
[Black "Stein, Luis"]
[Result "1/2-1/2"]
[WhiteElo "1379"]
[BlackElo "1363"]
[PlyCount "71"]
[EventDate "2017.??.??"]
[WhiteTeam "SK Lehrte"]
[BlackTeam "Peiner SV"]

1. e4 b6 2. d4 Bb7 3. Nc3 e6 4. Nf3 d5 5. e5 c5 6. Bb5+ Bc6 7. Bxc6+ Nxc6 8.
O-O cxd4 9. Nxd4 Nxe5 10. Bf4 Ng6 11. Bg3 Qd7 12. Ncb5 e5 13. Re1 f6 14. Ne6
Rc8 15. Nxf8 Kxf8 16. Nc3 N8e7 17. Qd3 Qc6 18. Rac1 Qc4 19. Qd2 Kf7 20. a3 Rhd8
21. f3 Nf5 22. Bf2 Nfe7 23. Kh1 Qf4 24. Be3 Qf5 25. Bf2 Qd7 26. Rcd1 Qc6 27.
Rc1 Rc7 28. Red1 Rcd7 29. h3 Kg8 30. Kg1 Nf4 31. Kh1 Qe6 32. Bg3 Nxh3 33. gxh3
Qxh3+ 34. Qh2 Qxh2+ 35. Bxh2 Nf5 36. Rd3 1/2-1/2

[Event "Stader SV-Delmenhorster SK"]
[Site "Greifswald"]
[Date "2017.09.07"]
[Round "2.1"]
[White "Silber, Kevin"]
[Black "Bargsten, Justus"]
[Result "1/2-1/2"]
[WhiteElo "1993"]
[BlackElo "1890"]
[PlyCount "102"]
[EventDate "2017.??.??"]
[WhiteTeam "Delmenhorster SK"]
[BlackTeam "Stader SV"]

1. e4 e5 2. Nf3 Nc6 3. Bb5 a6 4. Bxc6 dxc6 5. O-O Be6 6. d4 exd4 7. Nxd4 Qf6 8.
Nxe6 Qxe6 9. Qf3 O-O-O 10. Bg5 Be7 11. Bxe7 Nxe7 12. Qe3 b6 13. Nd2 Rd7 14. Nf3
Rhd8 15. a4 Kb7 16. Rfe1 Qc4 17. Ne5 Qxc2 18. Nxd7 Rxd7 19. b4 Rd3 20. Qg5 Ng6
21. b5 cxb5 22. axb5 a5 23. Qf5 f6 24. Rac1 Qd2 25. Qh5 Nf4 26. Qd1 Qb2 27. Qg4
g5 28. g3 h5 29. Qf5 Ne2+ 30. Rxe2 Qxc1+ 31. Kg2 Rd1 32. h3 Rg1+ 33. Kf3 Qc3+
34. Re3 Qe5 35. Qd7 Rc1 36. Kg2 Rc5 37. Qh7 Rxb5 38. Qxh5 Rb4 39. h4 gxh4 40.
Qxe5 h3+ 41. Kxh3 fxe5 42. f4 exf4 43. gxf4 a4 44. Kg4 Rb3 45. Re1 Kc8 46. Kf5
Kd7 47. Kf6 a3 48. e5 a2 49. e6+ Ke8 50. Rh1 Rh3 51. Rg1 Rg3 1/2-1/2

[Event "Stader SV-Delmenhorster SK"]
[Site "Greifswald"]
[Date "2017.09.07"]
[Round "2.2"]
[White "Hammann, Moritz"]
[Black "Steffens, Oliver"]
[Result "1-0"]
[WhiteElo "1708"]
[BlackElo "1985"]
[PlyCount "85"]
[EventDate "2017.??.??"]
[WhiteTeam "Stader SV"]
[BlackTeam "Delmenhorster SK"]

1. e4 c5 2. Nf3 Nc6 3. Bb5 g6 4. Bxc6 bxc6 5. d3 Bg7 6. O-O d6 7. h3 Nf6 8. c3
O-O 9. Be3 a5 10. Nbd2 Ba6 11. Qc2 Rb8 12. Rfe1 Qc7 13. d4 cxd4 14. cxd4 Qb7
15. Rab1 Rfc8 16. Rec1 Qb5 17. b3 Nd7 18. Nc4 Qh5 19. Qd2 Rb5 20. Na3 Rb4 21.
Rc2 Nf6 22. e5 Ne4 23. Qc1 Bd3 24. Rxc6 Rxc6 25. Qxc6 Bxb1 26. Nxb1 f5 27. Qe8+
Bf8 28. e6 Rb8 29. Qxb8 f4 30. Bxf4 g5 31. Be3 Qg6 32. Nbd2 h6 33. Nxe4 Qxe4
34. Qc8 Qb1+ 35. Kh2 Qf5 36. Nd2 Qg6 37. Nc4 g4 38. h4 Qh5 39. g3 Qf5 40. Nb6
Kh7 41. Qe8 Bg7 42. Qxe7 Qd3 43. Qf7 1-0

[Event "Stader SV-Delmenhorster SK"]
[Site "Greifswald"]
[Date "2017.09.07"]
[Round "2.3"]
[White "Petri, Ben-Luca"]
[Black "Kowalski, Ben Wito"]
[Result "0-1"]
[WhiteElo "1779"]
[BlackElo "1602"]
[PlyCount "90"]
[EventDate "2017.??.??"]
[WhiteTeam "Delmenhorster SK"]
[BlackTeam "Stader SV"]

1. e4 a6 2. d4 b5 3. Nf3 Bb7 4. Bd3 Nf6 5. Nbd2 e6 6. O-O c5 7. c3 Nc6 8. e5
Nd5 9. Ne4 cxd4 10. cxd4 Rc8 11. Bg5 Qb6 12. Bb1 b4 13. Qd2 Na5 14. Rc1 Nc4 15.
Qe2 Na5 16. Rxc8+ Bxc8 17. Bd3 h6 18. Rc1 Bb7 19. Be3 Be7 20. Nc5 Bxc5 21. Rxc5
O-O 22. Nd2 Rc8 23. Rxc8+ Bxc8 24. Ne4 Nc6 25. Nd6 Nxd4 26. Bxd4 Qxd4 27. Nxc8
Nf4 28. Bh7+ Kxh7 29. Qc2+ Qd3 30. Qxd3+ Nxd3 31. Nb6 Nxe5 32. f4 Nd3 33. Nxd7
Nxf4 34. Nc5 a5 35. Kf2 Nd5 36. Kf3 Kg6 37. Ke4 Kg5 38. Nb7 a4 39. a3 bxa3 40.
bxa3 Nc3+ 41. Kf3 Nb5 42. Nc5 Nxa3 43. Nxa4 Nc4 44. Nc5 Ne5+ 45. Ke3 Ng4+ 0-1

[Event "Stader SV-Delmenhorster SK"]
[Site "Greifswald"]
[Date "2017.09.07"]
[Round "2.4"]
[White "Ahlf, Nico"]
[Black "Sinnhöfer, Jonas"]
[Result "1/2-1/2"]
[WhiteElo "1606"]
[BlackElo "1870"]
[PlyCount "26"]
[EventDate "2017.??.??"]
[WhiteTeam "Stader SV"]
[BlackTeam "Delmenhorster SK"]

1. d4 Nf6 2. Nf3 g6 3. Bf4 Bg7 4. Nbd2 d5 5. e3 O-O 6. Bd3 Nbd7 7. c3 c5 8. O-O
Nh5 9. h4 Nxf4 10. exf4 Qc7 11. f5 gxf5 12. Bxf5 cxd4 13. cxd4 b6 1/2-1/2

[Event "Johanneum Eppendorf-USV Halle"]
[Site "Greifswald"]
[Date "2017.09.07"]
[Round "2.1"]
[White "Perekhozhuk, Maksym"]
[Black "Keyser, Philipp"]
[Result "1/2-1/2"]
[WhiteElo "1922"]
[BlackElo "1968"]
[PlyCount "82"]
[EventDate "2017.??.??"]
[WhiteTeam "USV Halle"]
[BlackTeam "Johanneum Eppendorf"]

1. e4 c5 2. Nf3 d6 3. d4 cxd4 4. Nxd4 Nf6 5. Nc3 a6 6. f4 e5 7. Nf3 Nbd7 8. a4
Qc7 9. Bd3 Be7 10. O-O O-O 11. Kh1 Nc5 12. Qe2 Re8 13. fxe5 dxe5 14. Bg5 Be6
15. Bh4 Nh5 16. Bxe7 Rxe7 17. Qe3 Nxd3 18. cxd3 Nf6 19. Rac1 Qd6 20. Ng5 Rd8
21. Nxe6 Rxe6 22. Rcd1 Rd7 23. Rd2 Ng4 24. Qe2 Rg6 25. Nd5 Qe6 26. Rc2 h6 27.
h3 Nf6 28. Nxf6+ Rxf6 29. Rxf6 Qxf6 30. Rc3 Rd4 31. Rc4 Qd6 32. Rxd4 Qxd4 33.
Qc2 g6 34. Qc8+ Kg7 35. Qxb7 Qxd3 36. b3 h5 37. Kh2 h4 38. Kh1 g5 39. Kh2 Qg3+
40. Kh1 g4 41. hxg4 Qe1+ 1/2-1/2

[Event "Johanneum Eppendorf-USV Halle"]
[Site "Greifswald"]
[Date "2017.09.07"]
[Round "2.2"]
[White "Keyser, Robin"]
[Black "Paskalev, Vasil"]
[Result "1/2-1/2"]
[WhiteElo "1972"]
[BlackElo "1749"]
[PlyCount "38"]
[EventDate "2017.??.??"]
[WhiteTeam "Johanneum Eppendorf"]
[BlackTeam "USV Halle"]

1. Nf3 Nf6 2. g3 g6 3. Bg2 Bg7 4. c4 O-O 5. O-O d6 6. d4 Nc6 7. Nc3 a6 8. e4
Bg4 9. h3 Bxf3 10. Bxf3 e5 11. d5 Nd4 12. Be3 Nd7 13. Bg2 Rb8 14. Rc1 c5 15. h4
b5 16. b3 bxc4 17. bxc4 Rb4 18. a3 Rb2 19. Qa4 Qc8 1/2-1/2

[Event "Johanneum Eppendorf-USV Halle"]
[Site "Greifswald"]
[Date "2017.09.07"]
[Round "2.3"]
[White "Schulemann, Gero"]
[Black "Liebert, Marcel"]
[Result "1-0"]
[WhiteElo "1684"]
[BlackElo "1257"]
[PlyCount "45"]
[EventDate "2017.??.??"]
[WhiteTeam "USV Halle"]
[BlackTeam "Johanneum Eppendorf"]

1. e4 c5 2. c3 b6 3. d4 e6 4. Nf3 d6 5. Nbd2 Nc6 6. Bc4 g6 7. O-O Nge7 8. Nb3
d5 9. exd5 exd5 10. Be2 cxd4 11. Nbxd4 Bg7 12. Be3 O-O 13. Qd2 Nxd4 14. Bxd4
Nf5 15. Bxg7 Kxg7 16. Nd4 Re8 17. Bf3 Re5 18. Nc6 Qd6 19. Nxe5 Qxe5 20. Qxd5
Qxd5 21. Bxd5 Rb8 22. Rfe1 Bd7 23. Rad1 1-0

[Event "Johanneum Eppendorf-USV Halle"]
[Site "Greifswald"]
[Date "2017.09.07"]
[Round "2.4"]
[White "Soppe, Moritz"]
[Black "Petrick, Valentin"]
[Result "0-1"]
[WhiteElo "1051"]
[BlackElo "1369"]
[PlyCount "92"]
[EventDate "2017.??.??"]
[WhiteTeam "Johanneum Eppendorf"]
[BlackTeam "USV Halle"]

1. e4 e5 2. Nf3 Nc6 3. d4 exd4 4. Nxd4 Qh4 5. Nc3 Bb4 6. Be2 Nf6 7. O-O Nxe4 8.
Nxe4 Qxe4 9. Nb5 Ba5 10. Bf3 Qg6 11. c3 O-O 12. b4 Bb6 13. Bh5 Qf5 14. Bg4 Qxb5
15. a4 Qe5 16. Bb2 Nxb4 17. cxb4 Qxb2 18. Rb1 Qf6 19. Qd2 d6 20. Bxc8 Raxc8 21.
Rbd1 a6 22. Qd5 c6 23. Qxd6 Qxd6 24. Rxd6 Rcd8 25. Rxd8 Rxd8 26. Re1 c5 27.
bxc5 Bxc5 28. g3 f6 29. Rb1 Rd2 30. Rxb7 Rxf2 31. Rb8+ Kf7 32. Rb7+ Kg6 33. Kh1
Ra2 34. Rc7 Bd4 35. Rc4 Be5 36. h4 Bxg3 37. Rg4+ Kh6 38. Rxg3 Rxa4 39. Kg2 a5
40. Rd3 Rxh4 41. Ra3 a4 42. Kg3 Kg5 43. Rc3 Rg4+ 44. Kf3 h5 45. Rc5+ f5 46. Rc7
g6 0-1

[Event "SC Kreuzberg-Makkabi Rostock"]
[Site "Greifswald"]
[Date "2017.09.07"]
[Round "2.1"]
[White "Schamber, Dennis"]
[Black "Dathe, Frederick"]
[Result "1/2-1/2"]
[WhiteElo "1696"]
[BlackElo "1833"]
[PlyCount "86"]
[EventDate "2017.??.??"]
[WhiteTeam "Makkabi Rostock"]
[BlackTeam "SC Kreuzberg"]

1. d4 Nf6 2. c4 g6 3. Nc3 Bg7 4. e4 d6 5. f3 O-O 6. Bg5 Nbd7 7. Qd2 c5 8. d5 a6
9. g4 b5 10. cxb5 axb5 11. Bxb5 Ba6 12. Nge2 Bxb5 13. Nxb5 Qb6 14. Nec3 Ne5 15.
O-O Rfb8 16. h4 Rb7 17. Kg2 Ne8 18. a4 Nc4 19. Qe2 Na5 20. Rfb1 Nc7 21. Nxc7
Qxc7 22. Nb5 Qb6 23. Ra3 c4 24. Bd2 Rc8 25. h5 Nb3 26. hxg6 hxg6 27. Bc3 Bxc3
28. bxc3 Qc5 29. Ra2 Ra8 30. Nd4 Rba7 31. Nxb3 cxb3 32. Rxb3 Rxa4 33. Rab2 Ra1
34. Qf2 Qc4 35. Rb8+ Rxb8 36. Rxb8+ Kg7 37. Qd4+ Qxd4 38. cxd4 Ra4 39. Re8 Kf6
40. Kg3 Rxd4 41. g5+ Kxg5 42. Rxe7 f5 43. f4+ Kh6 1/2-1/2

[Event "SC Kreuzberg-Makkabi Rostock"]
[Site "Greifswald"]
[Date "2017.09.07"]
[Round "2.2"]
[White "Rose, Luis Stratos"]
[Black "Petrow, Jonas"]
[Result "1-0"]
[WhiteElo "1703"]
[BlackElo "1647"]
[PlyCount "51"]
[EventDate "2017.??.??"]
[WhiteTeam "SC Kreuzberg"]
[BlackTeam "Makkabi Rostock"]

1. Nf3 Nf6 2. g3 d5 3. d3 e6 4. Bg2 Bd6 5. O-O O-O 6. Nbd2 c5 7. e4 Nc6 8. c3
b6 9. Qc2 Bb7 10. Ne1 dxe4 11. dxe4 Qc7 12. f4 Be7 13. Nef3 Rad8 14. Re1 Rd7
15. e5 Nd5 16. Ne4 Rfd8 17. Nfg5 g6 18. h4 Bxg5 19. hxg5 Kg7 20. Bf3 Nde7 21.
Qh2 Nf5 22. g4 Rd3 23. gxf5 Rxf3 24. Qh6+ Kg8 25. Nf6+ Kh8 26. Qxh7# 1-0

[Event "SC Kreuzberg-Makkabi Rostock"]
[Site "Greifswald"]
[Date "2017.09.07"]
[Round "2.4"]
[White "Hecht, Jonas Christian"]
[Black "Röste, Hugo"]
[Result "1-0"]
[WhiteElo "1567"]
[BlackElo "1358"]
[PlyCount "49"]
[EventDate "2017.??.??"]
[WhiteTeam "SC Kreuzberg"]
[BlackTeam "Makkabi Rostock"]

1. e4 c5 2. Nc3 e6 3. f4 Qc7 4. g3 a6 5. Bg2 b5 6. d3 Bb7 7. Nf3 Nc6 8. Be3 d6
9. O-O Nf6 10. Qe2 Be7 11. Rad1 O-O 12. f5 b4 13. Nb1 exf5 14. exf5 Bc8 15. d4
Bxf5 16. dxc5 dxc5 17. Bf4 Qb7 18. Ne5 Rae8 19. Bxc6 Bg4 20. Qxg4 Qxc6 21.
Qxg7+ Kxg7 22. Nxc6 Ne4 23. Rfe1 f5 24. Nxe7 Rxe7 25. Bd6 1-0

[Event "Eintracht Berlin-Greifswalder SV"]
[Site "Greifswald"]
[Date "2017.09.07"]
[Round "2.1"]
[White "Troyke, Jannis"]
[Black "Zappe, Florian"]
[Result "1-0"]
[WhiteElo "1870"]
[BlackElo "1699"]
[PlyCount "57"]
[EventDate "2017.??.??"]
[WhiteTeam "Greifswalder SV"]
[BlackTeam "Eintracht Berlin"]

1. e4 d5 2. exd5 Qxd5 3. Nf3 c6 4. Be2 Nf6 5. O-O Bf5 6. c4 Qd8 7. d4 e6 8. Nc3
Bb4 9. Qb3 Qe7 10. a3 Bxc3 11. bxc3 b6 12. a4 Qc7 13. Ba3 Nbd7 14. Rfe1 c5 15.
Ne5 Rc8 16. Nd3 cxd4 17. cxd4 Qxc4 18. Rac1 Qxc1 19. Rxc1 Rxc1+ 20. Nxc1 Nd5
21. Bf3 N7f6 22. Qb5+ Kd8 23. Ne2 Kc7 24. Nc3 Nxc3 25. Qc6+ Kd8 26. Qa8+ Kc7
27. Qb7+ Kd8 28. Be7+ Ke8 29. Bc6+ 1-0